000 00316nab a22001097u 4500
008 130520b1988 xxu||||| |||| 00| 0 spa d
041 _aspa
100 1 _aMoltmann, Jürgen
_93208
245 0 0 _aLa justicia crea la paz
_cJürgen Moltmann
773 0 _tConcilium
_gV.1,1988,págs.129-144
_x0210-1041
_wRev134
942 _cAR
999 _c355380
_d355380